<?xml version="1.0" encoding="UTF-8"?>
<record
    xmlns:xsi="http://www.w3.org/2001/XMLSchema-instance"
    xsi:schemaLocation="http://www.loc.gov/MARC21/slim http://www.loc.gov/standards/marcxml/schema/MARC21slim.xsd"
    xmlns="http://www.loc.gov/MARC21/slim">

  <leader>00501nam a22001817a 4500</leader>
  <controlfield tag="003">BDDh-ASL</controlfield>
  <controlfield tag="005">20231015031102.0</controlfield>
  <controlfield tag="008">230101s1920    ii ||||| |||| 00| 0 a   d</controlfield>
  <datafield tag="040" ind1=" " ind2=" ">
    <subfield code="a">BDDh-ASL</subfield>
    <subfield code="c">BDDh-ASL</subfield>
  </datafield>
  <datafield tag="041" ind1=" " ind2=" ">
    <subfield code="a">ara</subfield>
  </datafield>
  <datafield tag="082" ind1=" " ind2=" ">
    <subfield code="a">297</subfield>
    <subfield code="b">BAA</subfield>
  </datafield>
  <datafield tag="100" ind1="1" ind2=" ">
    <subfield code="a">Bay&#x1E0D;aw&#x12B;, Al </subfield>
    <subfield code="9">6904</subfield>
  </datafield>
  <datafield tag="245" ind1="1" ind2="0">
    <subfield code="a">At Tafs&#x12B;r al Bay&#x1E0D;aw&#x12B;  : /  &#x627;&#x644;&#x62A;&#x641;&#x633;&#x64A;&#x631; &#x627;&#x644;&#x628;&#x64A;&#x636;&#x627;&#x648;&#x64A; </subfield>
  </datafield>
  <datafield tag="260" ind1=" " ind2=" ">
    <subfield code="a">Delhi : </subfield>
    <subfield code="b">Nizami Press , </subfield>
    <subfield code="c">1920/1342 H. </subfield>
  </datafield>
  <datafield tag="300" ind1=" " ind2=" ">
    <subfield code="a">179 p. : </subfield>
    <subfield code="c">32 cm. </subfield>
  </datafield>
  <datafield tag="650" ind1=" " ind2="0">
    <subfield code="a">Tafsir</subfield>
    <subfield code="9">4705</subfield>
  </datafield>
  <datafield tag="942" ind1=" " ind2=" ">
    <subfield code="2">ddc</subfield>
    <subfield code="c">BK</subfield>
  </datafield>
  <datafield tag="952" ind1=" " ind2=" ">
    <subfield code="0">0</subfield>
    <subfield code="1">0</subfield>
    <subfield code="2">ddc</subfield>
    <subfield code="4">0</subfield>
    <subfield code="7">1</subfield>
    <subfield code="8">NFIC</subfield>
    <subfield code="a">ASL</subfield>
    <subfield code="b">ASL</subfield>
    <subfield code="c">GEN</subfield>
    <subfield code="d">2023-01-01</subfield>
    <subfield code="e">ASB Library Collection</subfield>
    <subfield code="h">A-0180</subfield>
    <subfield code="l">0</subfield>
    <subfield code="o">297 BAA</subfield>
    <subfield code="p">118206</subfield>
    <subfield code="r">2023-01-01 00:00:00</subfield>
    <subfield code="t">C-1</subfield>
    <subfield code="w">2023-01-01</subfield>
    <subfield code="y">BK</subfield>
    <subfield code="z">Y-1920</subfield>
  </datafield>
  <datafield tag="999" ind1=" " ind2=" ">
    <subfield code="c">29914</subfield>
    <subfield code="d">29914</subfield>
  </datafield>
</record>
